000 00836nam a2200253Ia 4500
003 OSt
005 20220923220018.0
006 a|||||r|||| 00| 0
007 ta
008 220922b |||||||| |||| 00| 0 hin d
024 _a183,560
037 _cTextual
040 _aARTS
_cARTS
_bhin
041 _2hin
_ahin
082 _aO152,1N23,2, L3
100 _aअरूण, पोद्दार रामावतार
245 0 _aअरूण रामायण
246 _aArūṇ rāmāyaṇa
260 _aबिहार
_b किरणकुज प्रकाशन
_c1973
300 _a650 पृ.
_ccm.
650 _aहिन्दी साहित्य
_9156264
942 _hO152,1N23,2, L3
_cTEXL
_2CC
999 _c336896
_d336896